00735nam a22001577a 4500003000400000005001700004008004100021100002600062245002900088250001700117260006600134300003000200490001700230520018300247650014700430OSt20260407121013.0260407b |||||||| |||| 00| 0 spa d aLINGUAPHONE INSTITUTE aCURSO PRACTICO ITALIANO  a1RA EDICION  aLONDON ,FLORIDA, BUENOS AIRES bLINGUAJPHONE INSTITUTE c1998 a150PAGcLIBRO DE BOLSILLO 3HOJA RIGIDA  aEl curso practico de italiano se adapta a niños y adultos ,a principiantes y a quienes teniendo un conocimiento teórico del idioma desean llegar a hablarlo con corrección  acurso italiano vServir tanto para el aprendizaje particular o sin profesión xnotas sobre el vocabulario , la pronunciación del italiano